00435 2200169 4500001002100000005001500021035002000036008004100056245003900097100002400136260001900160300001200179084001700191082001100208650002000219990002600239INLIS00000000000027520240122024457 a0010-0823000275240122 0 ind 1 aKelemahan Hadist Tarawih 20 Rak'at aNashiruddin Albaani bFithrah,c1990 a75 hlm. a2x2. 3 AIB k a2x2. 3 4aKumpulan Hadist a0675/STITINKA/01/2023